| 000 | 00588nam a22001577a 4500 | ||
|---|---|---|---|
| 003 | OSt | ||
| 005 | 20151006133820.0 | ||
| 008 | 151006b xxu||||| |||| 00| 0 eng d | ||
| 040 | _cRUA | ||
| 082 | _aAVM SOU 1997 B070 Or.1 | ||
| 100 |
_92156 _aSOUR, BUNTHY. |
||
| 245 | _aResearch on EGG yield and quality of isa brown in siem reap province, ពីសោធន៍លើទិន្នោល និងគុណភាពជួជអ៊ីសាប្រោន នៅខេត្តសៀមរាប. | ||
| 260 |
_aphnom phen _bill. _c29cm. |
||
| 300 |
_a50p. _bill. _c29cm. |
||
| 942 |
_2ddc _cAVM |
||
| 999 |
_c2027 _d2027 |
||